logo

Bir Sreshtho Munshi Abdur Rouf Library
Jhenaidah Cadet College

ঠাকুমার ঝুলি / (Record no. 13365)

MARC details
000 -LEADER
fixed length control field 00878nam a2200241 a 4500
001 - CONTROL NUMBER
JCCL Control Number 13365
003 - CONTROL NUMBER IDENTIFIER
JCCL marc code BD-JhCC
005 - DATE AND TIME OF LATEST TRANSACTION
control field 20230910080158.0
008 - FIXED-LENGTH DATA ELEMENTS--GENERAL INFORMATION
fixed length control field 230909b2011 bg |||| ||a| 000 0 ben d
020 ## - INTERNATIONAL STANDARD BOOK NUMBER
International Standard Book Number 9789840413669
035 ## - SYSTEM CONTROL NUMBER
system control number (BD-JhCC)13365
040 ## - CATALOGING SOURCE
Original cataloging agency BD-JhCC
Modifying agency BD-JhCC
041 ## - LANGUAGE CODE
Language code of Book bengali
082 ## - DEWEY DECIMAL CLASSIFICATION NUMBER
Classification number 398.1
Author mark and Year DAK 2011
100 ## - MAIN ENTRY--PERSONAL NAME
Personal name মজুমদার,দক্ষিণারঞ্জন মিত্র
245 ## - TITLE STATEMENT
Title ঠাকুমার ঝুলি /
Statement of responsibility, etc দক্ষিণারঞ্জন মিত্র মজুমদার,সম্পা: ড. আরজুমন্দ আরা বানু।
260 ## - PUBLICATION, DISTRIBUTION, ETC. (IMPRINT)
Place of publication, distribution, etc ঢাকা:
Name of publisher, distributor, etc আগামী প্রকাশনী;
Date of publication, distribution, etc 2011.
300 ## - PHYSICAL DESCRIPTION
Pagination 174 p. :
Dimensions 24 cm.
650 ## - SUBJECT ADDED ENTRY--TOPICAL TERM
Topical term or geographic name as entry element fables stories
700 ## - ADDED ENTRY--PERSONAL NAME
Personal name বানু, ড. আরজুমন্দ আরা
942 ## - ADDED ENTRY ELEMENTS (KOHA)
Source of classification or shelving scheme Dewey Decimal Classification
Koha item type Books
Holdings
Source of classification or shelving scheme Damaged status Not for loan Home library Current library Shelving location Date of accession Cost, normal purchase price Full call number Barcode Date last seen Copy number Method of acquisition Koha item type Currency
Dewey Decimal Classification     JCC Rouf Library JCC Rouf Library General Stacks 09/09/2023 338.00 398.1 DAK 2011 18200 09/09/2023 C-1 Purchase Books BDT

JCC Library | Contacts | JCC Home

Last Update on 23 September 2017
Copyright @ 2017-2020 JCC Rouf Library
Rouf Library, Jhenidah Cadet College (JCC), Bangladesh